Penzión
Guardado en:
| Autor principal: | |
|---|---|
| Otros Autores: | |
| Formato: | Manuscrito Libro |
| Lenguaje: | eslovaco |
| Publicado: |
2017
|
| Materias: | |
| Acceso en línea: | http://is.stuba.sk/zp/portal_zp.pl?podrobnosti=125341 https://opac.crzp.sk/?fn=detailBiblioForm&sid=4B7A8F8230E49217391A668DC396 |
| Etiquetas: |
Sin Etiquetas, Sea el primero en etiquetar este registro!
|
MARC
| LEADER | 00000ntm a22000003a 4500 | ||
|---|---|---|---|
| 001 | stuzp62954 | ||
| 003 | SK-STU | ||
| 005 | 20230811165003.9 | ||
| 007 | ta | ||
| 008 | 150427s2015----xo-----f-mn---000-0-slo-d | ||
| 040 | |a STU |b slo | ||
| 041 | 0 | |a slo | |
| 100 | 1 | |a Kleinová, Nikola |u 010180 |4 aut |U SvF Stavebná fakulta |T SvF Katedra konštrukcií pozemných stavieb |X 81362 |U V180 |Y 18 |7 81362 | |
| 242 | 0 | 1 | |a Boarding -house |y eng |
| 245 | 1 | 0 | |a Penzión |
| 260 | |c 2017 | ||
| 650 | 4 | |a penzión |2 slo | |
| 650 | 4 | |a reštaurácia |2 slo | |
| 650 | 4 | |a tepelnotechnický návrh |2 slo | |
| 650 | 4 | |a Vysoké Tatry |2 slo | |
| 650 | 4 | |a restaurant |2 eng | |
| 650 | 4 | |a High Tatras |2 eng | |
| 650 | 4 | |a heat-technical proposal |2 eng | |
| 650 | 4 | |a boarding-house |2 eng | |
| 700 | 1 | |a Chmúrny, Ivan |u 010180 |k Z1 |4 ths |U SvF Stavebná fakulta |T SvF Katedra konštrukcií pozemných stavieb |X 865 |U V180 |Y 18 |7 A000000865 | |
| 856 | 4 | |u http://is.stuba.sk/zp/portal_zp.pl?podrobnosti=125341 | |
| 856 | 4 | |u https://opac.crzp.sk/?fn=detailBiblioForm&sid=4B7A8F8230E49217391A668DC396 | |